| 000 | 01487cam a2200373 a 4500 | ||
|---|---|---|---|
| 001 | 13127696 | ||
| 003 | OSt | ||
| 005 | 20140310182836.0 | ||
| 008 | 030318s2004 maua b 001 0 eng | ||
| 010 | _a 2003006561 | ||
| 020 | _a978007127438 | ||
| 040 |
_aDLC _cDLC _dDLC |
||
| 042 | _apcc | ||
| 050 | 0 | 0 |
_aQL 47.2 _b.H627 2009 |
| 082 | 0 | 0 |
_aM 590 _214th ed. _bIn9 2009 |
| 245 | 0 | 0 |
_aIntegrated principles of zoology _cHickman, Cleveland P. Jr. ... [et al.] ; |
| 250 | _a14th ed. | ||
| 260 |
_aNew York : _bMcGraw-Hill Companies, Inc., _cc2009. |
||
| 300 |
_axiv, 910 p. : _bill. ; _c26 cm. |
||
| 500 | _aRev. ed. of: Integrated principles of zoology / Cleveland P. Hickman, Jr., Larry S. Roberts, Allan Larson. 11th ed. c2001. | ||
| 504 | _aIncludes bibliographical references. | ||
| 521 | _aCollege Students | ||
| 526 | _c1210L to 1700L | ||
| 541 | _j1 | ||
| 562 | _efor circulation. 1 copy available in the collection | ||
| 650 | 0 | _aZoology. | |
| 700 | 1 | _aHickman, Cleveland P. | |
| 700 | 1 |
_aHickman, Cleveland P. _tIntegrated principles of zoology. |
|
| 856 | 4 | 1 |
_3Table of contents only _uhttp://www.loc.gov/catdir/toc/ecip041/2003006561.html |
| 856 | 4 | 2 |
_3Publisher description _uhttp://www.loc.gov/catdir/enhancements/fy0632/2003006561-d.html |
| 906 |
_a7 _bcbc _corignew _d1 _eecip _f20 _gy-gencatlg |
||
| 942 |
_2lcc _cBK _kM |
||
| 999 |
_c16755 _d16755 |
||